Journal of economics and business

Gespeichert in:
Bibliographische Detailangaben
Format: Schriftenreihe
Sprache:Englisch
Veröffentlicht: New York Elsevier Science Publ. 1995
Schlagworte:
Tags: Tag hinzufügen
Keine Tags, Fügen Sie das erste Tag hinzu!

MARC

LEADER 00000nas2a2200000 4500
001 s102337
005 20221221070730.5
022 |a 0148-6195 
041 0 |a eng 
044 |a US 
245 1 0 |a Journal of economics and business 
264 1 |a New York  |b Elsevier Science Publ.  |c 1995 
300 |a 1 zv. 
773 0 |w eu_un_cat*s120127 
610 2 0 |a financie podnikové 
610 2 0 |a politika menová 
610 2 0 |a politika fiškálna 
610 2 0 |a trh finančný